000 00810nam a2200241Ia 4500
003 0
005 20250129095308.0
008 190208s9999 xx 000 0 und d
050 _aPGS BF 723.P47
_b.V737 2016
100 _aVillena, Kristin O.
245 _aPeer pressure and decision making /
_cKristin O. Villena.
260 _aLas PiƱas City, Philippines :
_bSouthville International School and Colleges,
_c2016.
300 _a28 p. :
_bill. ;
_c28 cm.
504 _aIncludes bibliographical references.
650 _aPeer pressure.
650 _aDecision making in children.
650 _aChildren
_v Behavior.
650 _aAdolescent psychology.
650 _aSocial influence in children.
650 _aElementary education
_vPsychology.
650 _aCognitive processes.
942 _2lcc
_cPASS
999 _c361274
_d361274